| Tag |
First Indicator |
Second Indicator |
Subfields |
| LEADER |
00000cam a2200000 a 4500 |
| 001 |
in00000011125 |
| 005 |
20190207093340.0 |
| 008 |
880311q19101919txua 00000 eng d |
| 035 |
|
|
|a (OCoLC)17616536
|
| 035 |
|
|
|9 AAA5795AM
|
| 040 |
|
|
|a TXA
|c TXA
|d UtOrBLW
|
| 043 |
|
|
|a n-us-tx
|
| 049 |
|
|
|a TXAS
|c [A08600738]
|
| 050 |
|
4 |
|a F394.M358
|b M3 1910z
|
| 245 |
0 |
0 |
|a Marlin, Texas :
|b Carlsbad of America.
|
| 264 |
|
1 |
|a Marlin, Texas :
|b Marlin Commercial Club,
|c [between 1910 and 1919?]
|
| 300 |
|
|
|a 1 sheet :
|b color illustrations ;
|c 41 x 23 cm. folded to 10 x 23 cm.
|
| 336 |
|
|
|a text
|b txt
|2 rdacontent
|
| 337 |
|
|
|a unmediated
|b n
|2 rdamedia
|
| 338 |
|
|
|a sheet
|b nb
|2 rdacarrier
|
| 500 |
|
|
|a The Cushing Library/Chapman Texas Collection copy is part of the Floyd & Louise Chapman Texas & Borderlands Collection.
|5 TXA
|
| 651 |
|
0 |
|a Marlin (Tex.)
|x Description and travel.
|
| 999 |
|
|
|a MARS
|
| 999 |
f |
f |
|s 62fb33ee-df02-3a48-b616-de6694a4c9bb
|i b96264b2-0554-391d-b154-8a01c23d7dbe
|t 0
|
| 952 |
f |
f |
|p noncirc
|a Texas A&M University
|b College Station
|c Cushing Memorial Library & Archives
|d Cushing: Chapman Texas Collection (Does not check out)
|t 0
|e F394.M358 M3 1910z
|h Library of Congress classification
|i unmediated -- sheet
|m A14808600738
|
| 998 |
f |
f |
|a F394.M358 M3 1910z
|t 0
|l Cushing: Chapman Texas Collection (Does not check out)
|